000
00306nam a22001457a 4500
003
SGT
082
_a
612
_b
T15K
100
_a
KHURANA,INDU
245
_a
TEXT BOOK OF MEDICAL PHYSIOLOGY
250
_a
2ND
260
_a
DELHI
_b
ELSEVIER
_c
2015
300
_a
1289
650
_a
PHYSIOLOGY
942
_2
ddc
_c
BK
_0
11
999
_c
8377
_d
8377